Mistral / (Record no. 122151)

MARC details
000 -LEADER
campo de control de longitud fija 00490nam a2200181 i 4500
001 - NÚMERO DE CONTROL
campo de control 122151
003 - IDENTIFICADOR DE NÚMERO DE CONTROL
campo de control ES-MaACL
005 - FECHA Y HORA DE LA ÚLTIMA TRANSACCIÓN
campo de control 20250717062047.0
007 - CAMPO FIJO DE DESCRIPCIÓN FÍSICA--INFORMACIÓN GENERAL
campo de control de longitud fija t|
008 - DATOS DE LONGITUD FIJA--INFORMACIÓN GENERAL
campo de control de longitud fija 070214s1935 fr r ||||1| fre d
100 1# - ENTRADA PRINCIPAL--NOMBRE DE PERSONA
Nombre de persona Poucel, Victor.
9 (RLIN) 93420
245 10 - MENCIÓN DEL TÍTULO
Título Mistral /
Mención de responsabilidad, etc. Victor Poucel.
260 ## - PUBLICACIÓN, DISTRIBUCIÓN, ETC.
Lugar de publicación, distribución, etc. Aix en Provence :
Nombre del editor, distribuidor, etc. Feu,
Fecha de publicación, distribución, etc. 1935.
300 ## - DESCRIPCIÓN FÍSICA
Extensión 215 p. ;
Dimensiones 19 cm.
600 14 - PUNTO DE ACCESO ADICIONAL DE MATERIA--NOMBRE DE PERSONA
Nombre de persona Mistral, Frédéric,
Fechas asociadas al nombre 1830-1914
9 (RLIN) 81664
852 ## - LOCALIZACIÓN
Ubicación ES-MaACL
Número de control de estantería A-4509
Holdings
Estatus retirado Estado de pérdida Estado de daño No para préstamo Biblioteca de origen Biblioteca actual Ubicación en estantería Fecha de adquisición Fuente de adquisición Total de préstamos Signatura topográfica completa Código de barras Visto por última vez Precio de reemplazo Tipo de ítem Koha
        Biblioteca del Ateneo de Madrid Biblioteca del Ateneo de Madrid Sala Pecera Planta 1 17/01/2008     A-4509 1127294 23/02/2023 23/02/2023 Libro impreso